Tilastot visalle Välimeren maat kartalla

Klikkaa tästä pelataksesi tätä visaa!

Yleistilastot

  • Tätä visaa on pelattu 1 680 kertaa
  • Keskiarvotulos 19 / 22

Vastaukset kartalla

Vastauksille on annettu kartalla punavihreä väri sen mukaan, kuinka moni on saanut sen oikein.
 

Vastaustilastot

Vastaus% Oikein
Italia
99%
Espanja
96%
Ranska
96%
Monaco
91%
Kreikka
89%
Turkki
89%
Egypti
88%
Marokko
88%
Kypros
87%
Malta
87%
Kroatia
86%
Tunisia
83%
Libya
82%
Algeria
81%
Bosnia ja
Hertsegovina
81%
Slovenia
81%
Albania
79%
Syyria
79%
Israel
77%
Libanon
73%
Montenegro
73%
Palestiinalais-
territoriot
68%

Tulosjakauma

Persentiili vastausten määrän mukaan

Jokaisen tuloksen saaneiden osuus

Tuloshistoriasi

Et ole pelannut tätä visaa